Antología crítica
Gespeichert in:
| 1. Verfasser: | |
|---|---|
| Format: | Buch |
| Sprache: | Spanisch |
| Veröffentlicht: |
Buenos Aires, Argentina.
Gog y Magog Ediciones,
2016
|
| Ausgabe: | 1a. ed |
| Schriftenreihe: | Poesía
|
| Schlagworte: | |
| Tags: |
Tag hinzufügen
Keine Tags, Fügen Sie den ersten Tag hinzu!
|
MARC
| LEADER | 00000cam a2200000 a 4500 | ||
|---|---|---|---|
| 001 | UCB0131 | ||
| 003 | CL-VaPUC | ||
| 005 | 20211030074318.0 | ||
| 008 | 191213e20160000ag spa d | ||
| 999 | |c 375825 |d 375823 | ||
| 020 | |a 9789509704787 | ||
| 040 | |c Pontificia Universidad Católica de Valparaíso | ||
| 082 | 0 | 4 | |a 841 PON 2016 |2 21 |
| 100 | 1 | |a Ponge, Francis |e author |9 604795 | |
| 245 | 1 | 0 | |a Antología crítica |
| 250 | |a 1a. ed | ||
| 260 | |a Buenos Aires, Argentina. |b Gog y Magog Ediciones, |c 2016 | ||
| 300 | |a 390 páginas | ||
| 490 | 0 | |a Poesía | |
| 583 | |a last modification |c 20191213 11:48:00 |k cmena | ||
| 650 | 0 | 0 | |a Literatura francesa |9 266330 |
| 650 | 0 | 0 | |a Poesía francesa |9 264947 |
| 650 | 0 | 0 | |a Narrativa francesa |2 CL-VaPUC |9 527755 |
| 942 | |c BK |2 ddc | ||
| 945 | |a dcastane |d 20191213 11:48:00 | ||
| 952 | |0 0 |1 0 |2 ddc |4 0 |6 841_000000000000000_PON_2016 |7 0 |9 494900 |a BIBARQ |b BIBARQ |d 2019-12-05 |e 3 |g 10785.00 |i 5567025 |l 1 |o 841 PON 2016 |p 5567025 |r 2025-01-20 |s 2022-08-16 |t 1 |v 10785.00 |w 2019-12-05 |y BK | ||